000 00808nam a2200241 a 4500
999 _c12255
_d12255
001 12255
003 BD-JhCC
005 20220817134023.0
008 210901b19892011bg |||| ||a| 001 0 Ben d
035 _a(BD-JhCC)12255
040 _aBD-JhCC
_dBD-JhCC
041 _aBengali
082 _a297.64
_bHAS 2011
100 _aহাশেমী,তালিবুল
245 _aবিশ্বনবীর সাহাবী /
_cতালিবুল হাশেমী,অনুঃ আবদুল কাদের ।
260 _aঢাকা:
_bআধুনিক প্রকাশনী;
_c২০১১.
300 _a358 p. :
_c22 cm.
600 _aMuhammad,Prophet,Companions
_d632
650 _aIslam, History
700 _aকাদের,আবদুল
942 _2ddc
_cBK
_01